| Tag |
First Indicator |
Second Indicator |
Subfields |
| LEADER |
00000cas a2200000 4500 |
| 001 |
in00000067834 |
| 005 |
20151008050822.0 |
| 008 |
770408d19711971pauuu 0uuu 0eng u |
| 035 |
|
|
|a (OCoLC)02872117
|
| 035 |
|
|
|9 AAG3589AM
|
| 040 |
|
|
|c MUL
|d TXA
|d UtOrBLW
|
| 049 |
|
|
|a TXAE
|
| 090 |
|
|
|a SK353
|b .R33
|
| 110 |
2 |
|
|a Rachelwood Wildlife Research Preserve.
|
| 245 |
1 |
0 |
|a Publication.
|
| 264 |
|
1 |
|a New Florence, Pa.
|b [publisher not identified] ;
|
| 300 |
|
|
|a 1 numbers
|
| 336 |
|
|
|a text
|b txt
|2 rdacontent
|
| 337 |
|
|
|a unmediated
|b n
|2 rdamedia
|
| 338 |
|
|
|a volume
|b nc
|2 rdacarrier
|
| 362 |
0 |
|
|a no. 1 1971
|
| 500 |
|
|
|a No. 1 written under the auspices of the Dept. of Fishery and Wildlife Biology, Colorado State University.
|
| 650 |
|
0 |
|a Wildlife research.
|
| 710 |
2 |
|
|a Colorado State University.
|b Department of Fishery and Wildlife Biology.
|
| 999 |
|
|
|a MARS
|
| 999 |
f |
f |
|s 26e14569-7528-34f0-bbc7-f02ed8e44eaa
|i 73f79200-7824-3de2-8836-882cdc4b095f
|t 0
|
| 952 |
f |
f |
|p ric
|a Texas A&M University
|b Rellis Campus
|c Joint Library Facility
|d Remote Storage
|t 0
|e SK353 .R33
|h Library of Congress classification
|i unmediated -- volume
|k no.1
|l 1971
|m A14809096445
|
| 998 |
f |
f |
|a SK353 .R33
|s v.1 (1971)
|t 0
|l Remote Storage
|